<?xml version="1.0" encoding="UTF-8"?>
<record
    xmlns:xsi="http://www.w3.org/2001/XMLSchema-instance"
    xsi:schemaLocation="http://www.loc.gov/MARC21/slim http://www.loc.gov/standards/marcxml/schema/MARC21slim.xsd"
    xmlns="http://www.loc.gov/MARC21/slim">

  <leader>01138nam0a2200289   4500</leader>
  <controlfield tag="001">RU\NLR\BIBL_A\010828517</controlfield>
  <controlfield tag="005">20250614103337.0</controlfield>
  <datafield tag="010" ind1=" " ind2=" ">
    <subfield code="a">978-5-298-02865-3</subfield>
    <subfield code="9">2000</subfield>
  </datafield>
  <datafield tag="021" ind1=" " ind2=" ">
    <subfield code="a">RU</subfield>
    <subfield code="b">2015-35260</subfield>
    <subfield code="9">2083</subfield>
  </datafield>
  <datafield tag="035" ind1=" " ind2=" ">
    <subfield code="a">(NLR Aleph) 010828517</subfield>
  </datafield>
  <datafield tag="090" ind1=" " ind2=" ">
    <subfield code="a">10276332</subfield>
    <subfield code="c">10276332</subfield>
  </datafield>
  <datafield tag="100" ind1=" " ind2=" ">
    <subfield code="a">20150903d2015    |||y0rusy50      ca</subfield>
  </datafield>
  <datafield tag="101" ind1="0" ind2=" ">
    <subfield code="a">tat</subfield>
  </datafield>
  <datafield tag="102" ind1=" " ind2=" ">
    <subfield code="a">RU</subfield>
  </datafield>
  <datafield tag="105" ind1=" " ind2=" ">
    <subfield code="a">y   z   000 y</subfield>
  </datafield>
  <datafield tag="200" ind1="1" ind2=" ">
    <subfield code="a">&#x496;&#x438;&#x440;&#x431;&#x438;&#x437;&#x4D9;&#x43A;</subfield>
    <subfield code="e">&#x448;&#x438;&#x433;&#x44B;&#x440;&#x44C;&#x43B;&#x4D9;&#x440;</subfield>
    <subfield code="f">&#x424;&#x438;&#x440;&#x4AF;&#x437;&#x4D9; &#x496;&#x430;&#x43C;&#x430;&#x43B;&#x435;&#x442;&#x434;&#x438;&#x43D;&#x43E;&#x432;&#x430;</subfield>
  </datafield>
  <datafield tag="210" ind1=" " ind2=" ">
    <subfield code="a">&#x41A;&#x430;&#x437;&#x430;&#x43D;</subfield>
    <subfield code="c">&#x422;&#x430;&#x442;&#x430;&#x440;. &#x43A;&#x438;&#x442;. &#x43D;&#x4D9;&#x448;&#x440;.</subfield>
    <subfield code="d">2015</subfield>
  </datafield>
  <datafield tag="215" ind1=" " ind2=" ">
    <subfield code="a">367 &#x431;.</subfield>
    <subfield code="d">17</subfield>
  </datafield>
  <datafield tag="300" ind1=" " ind2=" ">
    <subfield code="a">&#x412; &#x432;&#x44B;&#x43F;. &#x434;&#x430;&#x43D;. &#x430;&#x432;&#x442;.: &#x417;&#x430;&#x43C;&#x430;&#x43B;&#x435;&#x442;&#x434;&#x438;&#x43D;&#x43E;&#x432;&#x430; &#x424;&#x438;&#x440;&#x443;&#x437;&#x44F; (&#x424;&#x430;&#x442;&#x445;&#x443;&#x442;&#x434;&#x438;&#x43D;&#x43E;&#x432;&#x430; &#x424;&#x438;&#x440;&#x443;&#x437;&#x44F; &#x418;&#x441;&#x43B;&#x430;&#x43C;&#x43E;&#x432;&#x43D;&#x430;).</subfield>
  </datafield>
  <datafield tag="541" ind1="1" ind2=" ">
    <subfield code="6">z01790</subfield>
    <subfield code="a">&#x417;&#x435;&#x43C;&#x43D;&#x44B;&#x435; &#x443;&#x437;&#x43E;&#x440;&#x44B;</subfield>
    <subfield code="e">[&#x441;&#x442;&#x438;&#x445;&#x438;].</subfield>
    <subfield code="z">rus</subfield>
  </datafield>
  <datafield tag="686" ind1="1" ind2=" ">
    <subfield code="a">&#x428;6(2=&#x422;&#x430;&#x442;)7-5</subfield>
  </datafield>
  <datafield tag="700" ind1=" " ind2="1">
    <subfield code="a">&#x496;&#x430;&#x43C;&#x430;&#x43B;&#x435;&#x442;&#x434;&#x438;&#x43D;&#x43E;&#x432;&#x430;</subfield>
    <subfield code="b">&#x424;.</subfield>
    <subfield code="f">1960-</subfield>
    <subfield code="g">&#x424;&#x438;&#x440;&#x4AF;&#x437;&#x4D9;</subfield>
    <subfield code="4">070</subfield>
  </datafield>
  <datafield tag="790" ind1=" " ind2="1">
    <subfield code="4">070</subfield>
    <subfield code="7">ca</subfield>
    <subfield code="8">rus</subfield>
    <subfield code="a">&#x417;&#x430;&#x43C;&#x430;&#x43B;&#x435;&#x442;&#x434;&#x438;&#x43D;&#x43E;&#x432;&#x430;</subfield>
    <subfield code="b">&#x424;. &#x418;.</subfield>
    <subfield code="f">1960-</subfield>
    <subfield code="g">&#x424;&#x438;&#x440;&#x443;&#x437;&#x430; &#x418;&#x441;&#x43B;&#x430;&#x43C;&#x43E;&#x432;&#x43D;&#x430;</subfield>
    <subfield code="9">185060</subfield>
    <subfield code="3">RU\NLR\AUTH\770185111</subfield>
  </datafield>
  <datafield tag="852" ind1=" " ind2=" ">
    <subfield code="a">NLR</subfield>
    <subfield code="b">&#x41E;&#x41D;&#x41B;</subfield>
    <subfield code="j">&#x422;&#x430;&#x442;&#x430;&#x440;./2-12667</subfield>
  </datafield>
  <datafield tag="942" ind1=" " ind2=" ">
    <subfield code="c">BOOK</subfield>
  </datafield>
  <datafield tag="980" ind1=" " ind2=" ">
    <subfield code="a">NB</subfield>
  </datafield>
  <datafield tag="995" ind1=" " ind2=" ">
    <subfield code="5">2015-09-03</subfield>
    <subfield code="a">ad</subfield>
    <subfield code="b">NLR01</subfield>
    <subfield code="c">NLR01</subfield>
    <subfield code="e">ONL</subfield>
    <subfield code="f">1-695899</subfield>
    <subfield code="k">&#x41E;&#x41D;&#x41B; &#x422;&#x430;&#x442;&#x430;&#x440;./2-12667</subfield>
    <subfield code="o">4</subfield>
    <subfield code="r">BOOK</subfield>
    <subfield code="s">_212667</subfield>
  </datafield>
</record>
